| 000 | 00536nam a2200181Ia 4500 | ||
|---|---|---|---|
| 999 |
_c37094 _d37094 |
||
| 003 | OSt | ||
| 005 | 20210319095150.0 | ||
| 008 | 190216s9999||||xx |||||||||||||| ||und|| | ||
| 020 | _a9788126917822 | ||
| 040 | _coclc | ||
| 082 |
_a330 _bGUP/E |
||
| 100 |
_aGupta, K R _98425 |
||
| 245 | 0 |
_aEconomics For UGC- NET / SLET and Other Competitive Examinations / _cK R Gupta |
|
| 260 |
_bAtlantic Publishers, _c2012. _aNew Delhi: |
||
| 300 | _a495p | ||
| 650 | _aEconomics | ||
| 942 |
_cBK _2ddc _h330 _iGUP/E _k330 _mGUP/E |
||